000 00701nam a2200289Ia 4500
005 20260324141527.0
008 008 260324s9999 xx 000 0 eng d
020 _a9781351169486
037 _aEBOOK
040 _aCRL
040 _beng
040 _cCRL
041 _2eng
041 _aeng
084 _qCRL
100 _aNick Jewson; Susanne Macgregor
_91208527
245 0 _aTransforming Cities
245 0 _bContested Governance and New Spatial Divisions
260 _bTaylor and Francis
260 _c1997
365 _a
365 _b180
856 _uhttp://www.taylorfrancis.com/books/9781351169486
942 _cEBOOK
999 _c1811718
_d1811718